书目信息 |
| 题名: |
测量学
|
|
| 作者: | 华锡生 , 田林亚 主编 | |
| 分册: | ||
| 出版信息: | 南京 河海大学出版社 2003.03 |
|
| 页数: | 236页 | |
| 开本: | 26cm | |
| 丛书名: | ||
| 单 册: | ||
| 中图分类: | P2 | |
| 科图分类: | ||
| 主题词: | 测量学--教材 | |
| 电子资源: | ||
| ISBN: | 7-5630-1584-1 | |
| 000 | 00776nam0 2200241 450 | |
| 001 | 0120031111 | |
| 005 | 20051014103030.81 | |
| 010 | @a7-5630-1584-1@dCNY25.00 | |
| 100 | @a20030506d2003 km y0chiy0120 ea | |
| 101 | 0 | @achi |
| 102 | @aCN@b320000 | |
| 105 | @aa a 000yy | |
| 200 | 1 | @a测量学@ACe Liang Xue@f华锡生, 田林亚主编@Fhua xi sheng,tian lin ya zhu bian |
| 210 | @a南京@c河海大学出版社@d2003.03 | |
| 215 | @a236页@c图@d26cm | |
| 320 | @a有书目 (第236页)。 | |
| 330 | @a本书包括水准测量、角度测量、距离测量与直线定向、测量误差的基本知识、平面控制测量、高程控制测量等14章。 | |
| 606 | 0 | @a测量学@x教材 |
| 690 | @aP2@v4 | |
| 701 | 0 | @a华锡生@Ahua xi sheng@4主编 |
| 701 | 0 | @a田林亚@Atian lin ya@4主编 |
| 801 | 0 | @aCN@bQSSK@c20051014 |
| 905 | @a10447@dP2@eH764 | |
| 测量学/华锡生, 田林亚主编.-南京:河海大学出版社,2003.03 |
| 236页:图;26cm |
| ISBN 7-5630-1584-1:CNY25.00 |
| 本书包括水准测量、角度测量、距离测量与直线定向、测量误差的基本知识、平面控制测量、高程控制测量等14章。 |
| ● |
| 相关链接 |
|
|
|
正题名:测量学
索取号:P2/H764
 
预约/预借
| 序号 | 登录号 | 条形码 | 馆藏地/架位号 | 状态 | 备注 |
| 1 | 212583 | 202125832 | 自科库401/401自科库 112排2列4层/ [索取号:P2/H764] | 在馆 | |
| 2 | 567967 | 205679675 | 期刊室512/401自科库 111排2列6层/ [索取号:P2/H764] | 在馆 | |
| 3 | 567968 | 205679684 | 社科二线400B/400B社科库 31排1列1层/ [索取号:P2/H764] | 在馆 | |
| 4 | 567969 | 205679693 | 社科二线400B/400B社科库 31排1列1层/ [索取号:P2/H764] | 在馆 |